Poultry diseases diagnosis and treatment
Saved in:
| Main Author: | |
|---|---|
| Format: | Book |
| Language: | English |
| Published: |
New Age International Publishers,
2007
|
| Tags: |
Add Tag
No Tags, Be the first to tag this record!
|
MARC
| LEADER | 00000nam a22000007a 4500 | ||
|---|---|---|---|
| 008 | 201218b ||||| |||| 00| 0 eng d | ||
| 020 | |a ISBN: 978-81-224-2018-0 | ||
| 100 | |a CHAUHAN, H. V. S. | ||
| 245 | |a Poultry diseases |b diagnosis and treatment |c H. V. S. Chauhan and S. Roy. |g 504p; ill | ||
| 250 | |b 3rd ed | ||
| 260 | |b New Age International Publishers, |c 2007 |h New Delhi |i 689733 |i 689734 |i 680072 |m 680073 | ||
| 942 | |a lcc |c BK |e Olagoke ,M.A |f 18/12/2020 | ||
| 952 | |0 0 |1 0 |2 lcc |4 0 |6 SF0995 C35 |7 0 |9 963 |a HOL |b AG |c QZ |d 2020-12-18 |l 0 |o SF995 .C35 |p 2020-230189 |r 2020-12-18 00:00:00 |w 2020-12-18 |y BK | ||
| 952 | |0 0 |1 0 |2 lcc |4 0 |6 SF0995 C35 |7 0 |9 964 |a HOL |b AG |c QZ |d 2020-12-18 |l 0 |o SF995 .C35 |p 2020-230190 |r 2020-12-18 00:00:00 |w 2020-12-18 |y BK | ||
| 952 | |0 0 |1 0 |2 lcc |4 0 |6 SF0995 C35 |7 0 |9 965 |a HOL |b HOL |d 2020-12-18 |l 0 |o SF995 .C35 |p 2020-230191 |r 2020-12-18 00:00:00 |w 2020-12-18 |y BK | ||
| 952 | |0 0 |1 0 |2 lcc |4 0 |6 SF0995 C35 |7 0 |9 966 |a HOL |b HOL |d 2020-12-18 |l 0 |o SF995 .C35 |p 2020-230192 |r 2020-12-18 00:00:00 |w 2020-12-18 |y BK | ||
| 999 | |c 494 |d 494 | ||